3 Biggest Cities in each Region of Turkmenistan - Statistics

General Stats
  • This quiz has been taken 3 times
  • The average score is 6 of 16
Answer Stats
Region + Rank Population City % Correct
Ashgabat 1 1,091,815 Ashgabat
100%
Balkan 1 108,445 Balkanabat
100%
Daşoguz 1 473,927 Daşoguz
100%
Mary 1 327,820 Mary
100%
Lebap 1 285,019 Türkmenabat
67%
Balkan 2 95,260 Türkmenbaşy
67%
Mary 2 81,139 Bayramaly
33%
Daşoguz 2 61,278 Andalyp
0%
Ahal 1 114,204 Annau
0%
Ahal 3 42,912 Baharly
0%
Lebap 2 110,615 Kerki
0%
Daşoguz 3 49,610 Köneürgench
0%
Lebap 3 51,524 Magdanly
0%
Balkan 3 53,196 Serdar
0%
Ahal 2 68,103 Tejen
0%
Mary 3 40,595 Ýolöten
0%
No matching quizzes found
Score Distribution
Percent of People with Each Score
Percentile by Number Answered
Your Score History
You have not taken this quiz